000 01033nam0a2200289 4500
001 RU\NLR\bibl\2006472
005 20250616213302.0
010 _a978-5-4446-0041-2
_9250
021 _aRU
_b2013-5842
_9415
035 _a(NLR Aleph) 001995117
090 _a4280211
_c4280211
100 _a20130228d2012 |||y0rusy50 ca
101 0 _arus
102 _aRU
105 _ay |||||||||
200 1 _aГидравлика: лабораторный практикум: учебное пособие
210 _aВоронеж
_cНаучная книга
_d2012
215 _d21
700 1 _aВалюхов
_bС. Г.
_4070
701 1 _aБородкин
_bВ. В.
_4070
701 1 _4070
_aБулыгин
_bЮ. А.
_cд-р техн. наук
_gЮрий Александрович
_9189915
_3RU\NLR\AUTH\770189966
801 0 _aRU
_bNLR
_c20130228
_gRCR
801 1 _aRU
_bNLR
_c20130228
942 _cBOOK
980 _aNB